[Event "Chigorin Mem Blitz 2014"]
[Site "St Petersburg RUS"]
[Date "2014.10.17"]
[Round "12.1"]
[White "Khismatullin, Denis"]
[Black "Smirin, Ilia"]
[Result "1-0"]
[WhiteTitle "GM"]
[BlackTitle "GM"]
[WhiteElo "2681"]
[BlackElo "2655"]
[WhiteFideId "4142578"]
[BlackFideId "2801990"]
[EventDate "2014.10.17"]

1. d4 Nf6 2. c4 g6 3. g3 Bg7 4. Bg2 c5 5. d5 O-O 6. Nc3 d6 7. Nf3 Na6 8. O-O Nc7
9. e4 e6 10. Re1 exd5 11. cxd5 Bg4 12. Bf4 Nh5 13. Be3 Re8 14. h3 Bxf3 15. Bxf3
Nf6 16. Bf4 b5 17. e5 dxe5 18. Bxe5 Rb8 19. d6 Ne6 20. Bc6 Nd7 1-0

[Event "Chigorin Mem Blitz 2014"]
[Site "St Petersburg RUS"]
[Date "2014.10.17"]
[Round "12.2"]
[White "Kazhgaleyev, Murtas"]
[Black "Rakhmanov, Aleksandr"]
[Result "1/2-1/2"]
[WhiteTitle "GM"]
[BlackTitle "GM"]
[WhiteElo "2566"]
[BlackElo "2636"]
[WhiteFideId "13700316"]
[BlackFideId "4173708"]
[EventDate "2014.10.17"]

1. d4 e6 2. c4 Bb4+ 3. Bd2 Qe7 4. Nc3 Nf6 5. Nf3 O-O 6. g3 b6 7. Bg2 Bb7 8. O-O
d6 9. Qc2 Bxc3 10. Bxc3 Be4 11. Qd1 Nbd7 12. b3 Rfe8 13. Re1 h6 14. Bf1 Bxf3 15.
exf3 d5 16. f4 Qd6 17. Qc2 c6 18. Rad1 Rad8 19. Bg2 Rc8 20. Bb2 Rcd8 21. h3 Rc8
22. Re3 Qc7 23. f5 exf5 24. Rxe8+ Nxe8 25. Qxf5 Nd6 26. Qc2 Nf6 27. Bc1 Qd7 28.
Bf4 Qf5 29. Qxf5 Nxf5 30. Be5 Ne4 31. Rc1 Rd8 32. cxd5 cxd5 33. g4 Nh4 34. f3
Ng5 35. Kf2 Nxg2 1/2-1/2

[Event "Chigorin Mem Blitz 2014"]
[Site "St Petersburg RUS"]
[Date "2014.10.17"]
[Round "12.4"]
[White "Ganguly, Surya Shekhar"]
[Black "Shimanov, Aleksandr"]
[Result "0-1"]
[WhiteTitle "GM"]
[BlackTitle "GM"]
[WhiteElo "2613"]
[BlackElo "2606"]
[WhiteFideId "5002150"]
[BlackFideId "4198603"]
[EventDate "2014.10.17"]

1. e4 Nf6 2. e5 Nd5 3. d4 d6 4. c4 Nb6 5. exd6 exd6 6. Nc3 Be7 7. Bd3 O-O 8.
Nge2 Nc6 9. O-O Bf6 10. Be3 Nb4 11. Ng3 d5 12. c5 Nc4 13. Bb1 Nc6 14. Qh5 g6 15.
Qxd5 Be6 16. Qxd8 Raxd8 17. Be4 Nxd4 18. Bxb7 Nc2 19. Rac1 N2xe3 20. fxe3 Bg7
21. Nce4 Bxb2 22. Rc2 Be5 23. Re1 h5 24. Ng5 Na3 25. Rcc1 Bxa2 26. N5e4 Be6 27.
Nc3 Rd3 28. Nge4 Rfd8 29. Ba6 R3d7 30. c6 Re7 31. Nc5 Bf5 32. Kh1 Nc2 33. Re2
Bxc3 34. e4 Nd4 35. Rf2 Bxe4 36. Rxc3 Bxc6 37. h3 Bd5 38. Kh2 Ne6 39. Nd3 c5 40.
Nxc5 Nxc5 41. Rxc5 Be6 42. Re2 Kg7 43. Bc4 Rde8 44. Rce5 Kf6 45. Bb5 Rc8 46.
R5e3 Rc5 47. Rf2+ Kg7 48. Bd3 Rc3 49. Rff3 Rd7 50. Bb5 Rxe3 51. Rxe3 Rb7 52. Ba6
Rb3 53. Re5 Ra3 54. Bb7 a5 55. Rb5 Rb3 56. Rxa5 Rxb7 57. h4 Rb2 58. Rc5 Bf5 59.
Re5 Rc2 60. Re3 Bd7 61. Re7 Bc6 62. Kg3 Rxg2+ 63. Kh3 Rc2 64. Kg3 Rc3+ 65. Kf4
Rc4+ 66. Kg3 Rg4+ 67. Kh3 Rc4 68. Kg3 Bd5 69. Ra7 Be6 70. Re7 Rg4+ 71. Kh3 Kf6
72. Re8 Rc4+ 73. Kg3 Rc8 0-1

[Event "Chigorin Mem Blitz 2014"]
[Site "St Petersburg RUS"]
[Date "2014.10.17"]
[Round "12.5"]
[White "Ponkratov, Pavel"]
[Black "Smirnov, Pavel"]
[Result "1-0"]
[WhiteTitle "GM"]
[BlackTitle "GM"]
[WhiteElo "2617"]
[BlackElo "2611"]
[WhiteFideId "4157800"]
[BlackFideId "4123425"]
[EventDate "2014.10.17"]

1. c4 e6 2. Nf3 d5 3. g3 Nf6 4. Bg2 dxc4 5. Qa4+ Bd7 6. Qxc4 c5 7. Ne5 Qc8 8.
O-O Nc6 9. Nxd7 Qxd7 10. Nc3 Be7 11. Qa4 Rc8 12. d3 O-O 13. Be3 Rfd8 14. Rfc1 b6
15. Qd1 Nd5 16. Bd2 Bf6 17. Rab1 h6 18. Qf1 a5 19. Nxd5 exd5 20. Bh3 Qe7 21.
Bxc8 Rxc8 22. Bc3 d4 23. Bd2 Re8 24. Re1 Qe6 25. b3 Ne5 26. a3 Rc8 27. Qg2 Re8
28. h3 h5 29. b4 c4 30. bxa5 c3 31. Bf4 bxa5 32. Bxe5 Bxe5 33. Qe4 f5 34. Qf3
Qf7 35. Rb5 a4 36. h4 g6 37. Rb7 Qe6 38. Reb1 Rc8 39. R7b5 Bd6 40. Rb6 Kf8 41.
Ra6 Ke7 42. Qb7+ Rc7 43. Qb6 Qd5 44. Rxa4 c2 45. Rc1 Rb7 46. Ra7 Rxa7 47. Qxa7+
Ke6 48. Rxc2 f4 49. Qa6 fxg3 50. Qc4 gxf2+ 51. Kxf2 Qxc4 52. dxc4 Bxa3 53. Kf3
Ke5 54. Ra2 Bc5 55. Ra5 Kd6 56. Ke4 Kc6 57. Ra8 Be7 58. Rg8 Bxh4 59. Rxg6+ Kc5
60. Kd3 Be7 61. Re6 Bd6 62. Re4 Bg3 63. Rxd4 h4 64. Rd5+ Kc6 65. Rh5 Kd6 66. c5+
Kc6 67. Ke4 1-0

[Event "Chigorin Mem Blitz 2014"]
[Site "St Petersburg RUS"]
[Date "2014.10.17"]
[Round "12.6"]
[White "Demidov, Mikhail"]
[Black "Stupak, Kirill"]
[Result "1-0"]
[WhiteTitle "IM"]
[BlackTitle "GM"]
[WhiteElo "2516"]
[BlackElo "2545"]
[WhiteFideId "4197143"]
[BlackFideId "13503758"]
[EventDate "2014.10.17"]

1. d4 e6 2. e4 d5 3. exd5 exd5 4. Nf3 Bg4 5. c4 Nf6 6. Nc3 Bb4 7. Bd3 O-O 8. O-O
dxc4 9. Bxc4 Nc6 10. Bg5 Bxf3 11. Qxf3 Qxd4 12. Bb3 Bxc3 13. bxc3 Qe4 14. Qg3
Qg6 15. Bxf6 Qxf6 16. Qxc7 b6 17. h3 Rac8 18. Qb7 Qe7 19. Qxe7 Nxe7 20. Rad1
Rfd8 21. Rfe1 Kf8 22. Rxd8+ Rxd8 23. Re4 Nf5 24. Rc4 Rd7 25. Rc8+ Ke7 26. Ba4
Rd2 27. Re8+ Kf6 28. Bb3 Rd7 29. Rc8 Nd6 30. Rh8 h6 31. f3 Rc7 32. Rd8 Nb7 33.
Rd4 Nc5 34. Bc2 Ke7 35. Kf2 Rd7 36. Ke3 Rxd4 37. cxd4 Ne6 38. Bb3 Kd6 39. f4 f5
40. g4 fxg4 41. hxg4 Nc7 42. Ke4 Ne8 43. Kf5 Ke7 44. Ba4 Nf6 45. Bb3 Ne8 46. g5
hxg5 47. fxg5 Nd6+ 48. Ke5 b5 49. Kd5 Nf7 50. g6 Nd6 51. Kc6 a5 52. Kb6 a4 53.
Bc2 Ke6 54. Kc6 Ke7 55. a3 Ke6 56. Bd3 b4 57. axb4 a3 58. Bb1 Nf5 59. d5+ Ke5
60. b5 Nd4+ 61. Kc5 Nb3+ 62. Kb4 Nd2 63. Ba2 Kd6 64. Kxa3 Kc5 65. Ka4 Ne4 66.
Ka5 Nd6 67. b6 Nb7+ 68. Ka6 Nd6 69. b7 1-0

[Event "Chigorin Mem Blitz 2014"]
[Site "St Petersburg RUS"]
[Date "2014.10.17"]
[Round "12.7"]
[White "Lalith, Babu M.R."]
[Black "Timofeev, Artyom"]
[Result "1-0"]
[WhiteTitle "GM"]
[BlackTitle "GM"]
[WhiteElo "2547"]
[BlackElo "2598"]
[WhiteFideId "5024595"]
[BlackFideId "4140419"]
[EventDate "2014.10.17"]

1. Nf3 Nf6 2. c4 c5 3. Nc3 d5 4. cxd5 Nxd5 5. d4 Nxc3 6. bxc3 g6 7. e3 Bg7 8.
Be2 O-O 9. O-O Qc7 10. Ba3 Nd7 11. Rc1 b6 12. Qb3 Bb7 13. c4 e6 14. Rfd1 Rad8
15. Bb2 cxd4 16. exd4 Rfe8 17. h3 Qc6 18. a4 Nf6 19. c5 Qd5 20. Bc4 Qf5 21. Bb5
Bd5 22. Qe3 Rf8 23. cxb6 axb6 24. Ba3 Bxf3 25. Qxf3 Qxf3 26. gxf3 Nd5 27. Bxf8
Kxf8 28. Rc6 Nb4 29. Rc4 Nd5 30. Rc6 Nb4 31. Rc4 Nd5 32. Kh2 Ne7 33. Bc6 Rd6 34.
Bb7 Rd7 35. Ba8 Rd8 36. Bb7 Rd7 37. Bc6 Rd6 38. Be4 f5 39. Bc2 Nc6 40. Kg2 Nxd4
41. Rc8+ Ke7 42. Bd3 Nc6 43. Rc7+ Kf6 44. Be2 Rxd1 45. Bxd1 Ne5 46. Bb3 Nd3 47.
Rc6 Nc5 48. Bc2 Ke5 49. a5 Kd5 50. Rxb6 Bd4 51. a6 Nd7 52. Bb3+ Kc5 53. Rxe6 Kb4
54. Rd6 1-0

[Event "Chigorin Mem Blitz 2014"]
[Site "St Petersburg RUS"]
[Date "2014.10.17"]
[Round "12.8"]
[White "Dzhumagaliev, Yan"]
[Black "Ivanisevic, Ivan"]
[Result "0-1"]
[WhiteTitle "FM"]
[BlackTitle "GM"]
[WhiteElo "2415"]
[BlackElo "2623"]
[WhiteFideId "24100110"]
[BlackFideId "912417"]
[EventDate "2014.10.17"]

1. d4 Nf6 2. Nf3 c5 3. d5 g6 4. c4 b5 5. cxb5 a6 6. b6 d6 7. Nc3 Nbd7 8. e4 Bg7
9. g3 a5 10. Bb5 O-O 11. O-O Nxb6 12. Re1 Bg4 13. h3 Bxh3 14. e5 Ne8 15. Ng5 Bc8
16. e6 fxe6 17. dxe6 Nf6 18. Nf7 Rxf7 19. exf7+ Kxf7 20. Bc6 Rb8 21. Qe2 h6 22.
Ne4 Nfd7 23. Nxd6+ exd6 24. Qe6+ Kf8 25. Qxd6+ Kg8 26. Qxg6 Nf8 27. Qh5 Qf6 28.
Qxc5 Bh3 29. Bf4 Rc8 30. Rac1 Ng6 31. Be3 Ne5 32. Qxb6 Nxc6 33. Rc4 Qf3 0-1

[Event "Chigorin Mem Blitz 2014"]
[Site "St Petersburg RUS"]
[Date "2014.10.17"]
[Round "12.9"]
[White "Potkin, Vladimir"]
[Black "Burmakin, Vladimir"]
[Result "1-0"]
[WhiteTitle "GM"]
[BlackTitle "GM"]
[WhiteElo "2610"]
[BlackElo "2583"]
[WhiteFideId "4131061"]
[BlackFideId "4105109"]
[EventDate "2014.10.17"]

1. d4 c6 2. c4 Nf6 3. Nf3 d5 4. Nc3 a6 5. cxd5 cxd5 6. Bf4 e6 7. e3 Bd6 8. Bg5
Nc6 9. Bd3 h6 10. Bh4 Bd7 11. Rc1 Rc8 12. a3 Na5 13. Ne5 Nc4 14. Bxc4 dxc4 15.
O-O Be7 16. Qf3 Bc6 17. Nxc6 Rxc6 18. Rfd1 O-O 19. e4 Rb6 20. d5 e5 21. Qe2 Qd6
22. Na4 Rb3 23. Qxc4 Rb5 24. b4 Ng4 25. Bxe7 Qxe7 26. h3 Nf6 27. d6 Qd8 28. d7
Qe7 29. Qc8 1-0

[Event "Chigorin Mem Blitz 2014"]
[Site "St Petersburg RUS"]
[Date "2014.10.17"]
[Round "12.10"]
[White "Rozum, Ivan"]
[Black "Alekseev, Evgeny"]
[Result "1-0"]
[WhiteTitle "GM"]
[BlackTitle "GM"]
[WhiteElo "2551"]
[BlackElo "2682"]
[WhiteFideId "24104272"]
[BlackFideId "4138147"]
[EventDate "2014.10.17"]

1. d4 Nf6 2. c4 e6 3. Nc3 Bb4 4. e3 O-O 5. Ne2 d5 6. a3 Be7 7. cxd5 Nxd5 8. g3
Nxc3 9. Nxc3 c5 10. dxc5 Qxd1+ 11. Kxd1 Bxc5 12. Bg2 Nd7 13. Ke2 Rb8 14. Rd1 b6
15. Nb5 Ne5 16. Bd2 Bb7 17. Bxb7 Rxb7 18. Bc3 Ng6 19. Rac1 Re8 20. Nd6 Bxd6 21.
Rxd6 f6 22. e4 e5 23. Bd2 Kf7 24. Be3 Nf8 25. a4 Ne6 26. b4 Ree7 27. h4 h5 28.
Rc4 Red7 29. Rdc6 Rbc7 30. a5 Rxc6 31. Rxc6 Nd4+ 32. Bxd4 Rxd4 33. axb6 axb6 34.
Rxb6 Rxe4+ 35. Kd3 Rd4+ 36. Kc3 g5 37. hxg5 fxg5 38. b5 h4 39. gxh4 gxh4 40. Rh6
Kg7 41. Rh5 Kg6 42. Rxe5 Rd1 43. Re3 Kf5 44. Kc4 Kg4 45. b6 h3 46. b7 Rb1 1-0

[Event "Chigorin Mem Blitz 2014"]
[Site "St Petersburg RUS"]
[Date "2014.10.17"]
[Round "12.11"]
[White "Goganov, Aleksey"]
[Black "Aleksandrov, Aleksej"]
[Result "0-1"]
[WhiteTitle "GM"]
[BlackTitle "GM"]
[WhiteElo "2608"]
[BlackElo "2583"]
[WhiteFideId "24109959"]
[BlackFideId "13500139"]
[EventDate "2014.10.17"]

1. e4 e5 2. Nf3 Nc6 3. Be2 Nf6 4. d3 g6 5. O-O Bg7 6. Nbd2 O-O 7. c3 d5 8. b4 a6
9. Bb2 Re8 10. Qc2 h6 11. Rfe1 Be6 12. a3 Nd7 13. Bf1 f5 14. a4 dxe4 15. dxe4 f4
16. Bc4 Qf6 17. Red1 g5 18. h3 h5 19. Bxe6+ Rxe6 20. Nc4 Nf8 21. b5 Ne7 22. Nh2
Qf7 23. Na5 b6 24. Nb3 Kh7 25. c4 Ng8 26. c5 axb5 27. axb5 Rxa1 28. Bxa1 bxc5
29. Nxc5 Rb6 30. Rb1 Ng6 31. Nf3 Qe7 32. Nh2 Nf6 33. f3 Bf8 34. Nd3 Rd6 35. Bc3
Qe6 36. Bb4 0-1

[Event "Chigorin Mem Blitz 2014"]
[Site "St Petersburg RUS"]
[Date "2014.10.17"]
[Round "12.12"]
[White "Gabrielian, Artur"]
[Black "Batchuluun, Tsegmed"]
[Result "1/2-1/2"]
[WhiteTitle "GM"]
[BlackTitle "GM"]
[WhiteElo "2557"]
[BlackElo "2523"]
[WhiteFideId "4131002"]
[BlackFideId "4900847"]
[EventDate "2014.10.17"]

1. Nf3 Nf6 2. g3 d5 3. Bg2 e6 4. O-O Be7 5. d4 O-O 6. c4 dxc4 7. Na3 Bxa3 8.
bxa3 Nbd7 9. Qc2 Nb6 10. e4 Bd7 11. e5 Nfd5 12. Ng5 g6 13. Ne4 Bc6 14. Bg5 Qc8
15. Qd2 c3 16. Nxc3 Nxc3 17. Bxc6 bxc6 18. Qxc3 Qd7 19. Rac1 Rfc8 20. Rfd1 Nd5
21. Qd2 Rab8 22. Rc2 Rb6 23. Rdc1 Rcb8 24. Kg2 Qe8 25. h4 h5 26. Qe2 Qf8 27. Qf3
Rb2 28. g4 hxg4 29. Qxg4 Qxa3 30. h5 Qd3 31. Rxb2 Rxb2 32. hxg6 Qxg6 33. Kg1 Qf5
34. Qxf5 exf5 35. Rxc6 Rxa2 36. Rc5 Nb6 37. Rxc7 a5 38. Rb7 Nd5 39. Rd7 Nc3 40.
d5 a4 41. d6 a3 42. Rd8+ Kh7 43. d7 Ra1+ 44. Kg2 Rd1 45. Ra8 Rxd7 46. Rxa3 Ne4
47. Bf4 Rd5 48. Ra7 Kg6 49. Ra6+ Kg7 50. Bh2 Rd2 51. Bg1 Rc2 52. Kf3 Ng5+ 53.
Kg2 Ne4 54. Rb6 Kf8 55. Ra6 Ke7 56. Rb6 Ng5 57. Bh2 Ne4 58. Bg3 f4 59. Bh4+ Kd7
60. Kf3 Rc4 61. Kxf4 Nxf2+ 62. Kg3 Ne4+ 63. Kf3 Nc5 64. Rd6+ Kc7 65. Bd8+ Kc8
66. Bf6 Nd7 67. Ra6 Nxf6 68. Rxf6 Rc7 69. Kf4 Kd8 70. Kf5 Ke7 71. Ra6 Rb7 72.
Rc6 Ra7 73. Rb6 Rc7 74. Rd6 Rb7 75. Rc6 1/2-1/2

[Event "Chigorin Mem Blitz 2014"]
[Site "St Petersburg RUS"]
[Date "2014.10.17"]
[Round "13.1"]
[White "Rakhmanov, Aleksandr"]
[Black "Khismatullin, Denis"]
[Result "0-1"]
[WhiteTitle "GM"]
[BlackTitle "GM"]
[WhiteElo "2636"]
[BlackElo "2681"]
[WhiteFideId "4173708"]
[BlackFideId "4142578"]
[EventDate "2014.10.17"]

1. d4 Nf6 2. c4 e6 3. Nc3 Bb4 4. e3 O-O 5. Bd3 c5 6. Ne2 cxd4 7. exd4 d5 8. a3
dxc4 9. Bxc4 Bd6 10. Bg5 h6 11. Bh4 b6 12. d5 e5 13. O-O Bf5 14. Ng3 Bh7 15.
Nge4 g5 16. Nxd6 gxh4 17. Nxf7 Kxf7 18. f4 e4 19. d6+ Kg7 20. Bd5 Nxd5 21. Qxd5
Nd7 22. Nxe4 Nf6 23. Nxf6 Qxf6 24. Rac1 Rad8 25. Rc7+ Rf7 26. Rxf7+ Qxf7 27.
Qe5+ Qf6 28. Rc1 Rxd6 29. Rc7+ Kg6 30. Qxf6+ Rxf6 31. Rxa7 Rxf4 32. Rb7 0-1

[Event "Chigorin Mem Blitz 2014"]
[Site "St Petersburg RUS"]
[Date "2014.10.17"]
[Round "13.2"]
[White "Smirin, Ilia"]
[Black "Lalith, Babu M.R."]
[Result "1/2-1/2"]
[WhiteTitle "GM"]
[BlackTitle "GM"]
[WhiteElo "2655"]
[BlackElo "2547"]
[WhiteFideId "2801990"]
[BlackFideId "5024595"]
[EventDate "2014.10.17"]

1. e4 c6 2. d3 d5 3. Nd2 Qc7 4. Ngf3 Bg4 5. h3 Bh5 6. g4 Bg6 7. Bg2 e6 8. Qe2
Nd7 9. Nh4 Be7 10. Nxg6 hxg6 11. Nf3 Bd6 12. Bd2 Ne7 13. Bc3 f6 14. Nd4 Nf8 15.
exd5 exd5 16. g5 O-O-O 17. gxf6 gxf6 18. Ne6 Nxe6 19. Qxe6+ Kb8 20. Bxf6 Rhe8
21. O-O-O Rc8 22. Rhe1 a5 23. Qg4 Rf8 24. Bxe7 Bxe7 25. Re2 Bf6 26. d4 g5 27.
Rd3 Qf4+ 28. Qxf4+ gxf4 29. Bf3 Rce8 30. Rxe8+ Rxe8 31. Kd1 Kc7 32. c3 Kd6 33.
Bg4 b6 34. Rf3 Bg5 35. Rd3 Re7 36. b3 Bf6 37. Bf3 Rg7 38. Bg4 Re7 39. Rf3 Bg5
40. Bf5 Rf7 41. Bd3 Bh6 42. h4 Rg7 43. Rh3 1/2-1/2

[Event "Chigorin Mem Blitz 2014"]
[Site "St Petersburg RUS"]
[Date "2014.10.17"]
[Round "13.3"]
[White "Shimanov, Aleksandr"]
[Black "Kazhgaleyev, Murtas"]
[Result "1-0"]
[WhiteTitle "GM"]
[BlackTitle "GM"]
[WhiteElo "2606"]
[BlackElo "2566"]
[WhiteFideId "4198603"]
[BlackFideId "13700316"]
[EventDate "2014.10.17"]

1. d4 e6 2. e4 d5 3. Nd2 Be7 4. Bd3 c5 5. dxc5 Nf6 6. Ngf3 dxe4 7. Nxe4 Nxe4 8.
Bxe4 Qxd1+ 9. Kxd1 Bxc5 10. Ne5 Nd7 11. Nd3 Bb6 12. a4 Nc5 13. Nxc5 Bxc5 14. Ke2
Ke7 15. a5 a6 16. f4 Rb8 17. Be3 Bxe3 18. Kxe3 Bd7 19. Rhd1 Rhc8 20. Rd4 h6 21.
c3 Rc5 22. Rb4 Rb5 23. Rxb5 Bxb5 24. Kd4 g5 25. g3 Kd6 26. Rd1 Be8 27. Kc4+ Kc7
28. Kc5 b6+ 29. axb6+ Rxb6 30. b4 Rb5+ 31. Kc4 gxf4 32. gxf4 Rh5 33. Rd2 Rh4 34.
Rf2 e5 35. Kd5 exf4 36. Ke5 Bd7 37. Rxf4 Rh5+ 38. Kd4 f5 39. Bd3 Rxh2 40. Bxa6
h5 41. Bd3 Rd2 42. Ke3 Rd1 43. Bxf5 Bc6 44. Rh4 Re1+ 45. Kd2 Re5 46. Rxh5 Rd5+
47. Kc1 Ba4 48. Bg4 Rd3 49. Rc5+ Kb6 50. Be2 Re3 51. Kd2 Rg3 52. Re5 Bd7 53. Re3
Rg2 54. c4 Bg4 55. Kd3 Bf5+ 56. Kc3 Rg1 57. Re5 Rc1+ 58. Kb2 Rc2+ 59. Kb3 Bh7
60. Re6+ Kc7 61. Re7+ Kd6 62. Rxh7 Rxe2 63. Rh6+ Kc7 64. c5 Re4 65. b5 Rf4 66.
Rh7+ Kb8 67. c6 Rf5 68. Kb4 Rf1 69. Ka5 1-0

[Event "Chigorin Mem Blitz 2014"]
[Site "St Petersburg RUS"]
[Date "2014.10.17"]
[Round "13.5"]
[White "Bukavshin, Ivan"]
[Black "Ponkratov, Pavel"]
[Result "1/2-1/2"]
[WhiteTitle "GM"]
[BlackTitle "GM"]
[WhiteElo "2616"]
[BlackElo "2617"]
[WhiteFideId "4199758"]
[BlackFideId "4157800"]
[EventDate "2014.10.17"]

1. e4 e6 2. d4 d5 3. exd5 exd5 4. Nf3 Nc6 5. Bb5 Bd6 6. c4 dxc4 7. d5 a6 8. Ba4
b5 9. dxc6 bxa4 10. O-O Ne7 11. Qxa4 O-O 12. Nc3 Rb8 13. Qxc4 Rb4 14. Qe2 Nxc6
15. h3 Re8 16. Be3 Rf4 17. Rad1 Rf5 18. Nd4 Nxd4 19. Rxd4 Bb7 20. Rfd1 Qf6 21.
Qd3 Qe5 22. Rxd6 cxd6 23. Qxd6 Qxd6 24. Rxd6 h6 25. Rb6 Re7 26. a4 Rd7 27. Kf1
Re5 28. b4 Re6 29. Rxe6 fxe6 30. b5 axb5 31. axb5 Rd3 32. Na4 Rb3 33. Nc5 Rxb5
34. Nxe6 Bc8 35. Nd4 Rb2 36. Nf3 Bb7 37. Nd4 Kf7 38. Nf5 Bc6 39. Bd4 Rd2 40. Be3
Rd5 41. Nd4 Bd7 42. Nf3 Rb5 43. Bd4 Be8 44. Be3 Bd7 45. Bd4 Be6 46. Ne5+ Ke7 47.
Nf3 Kf8 48. Be3 Bd5 49. Nd4 Rb2 50. Nf5 Rb7 51. Bc5+ Kf7 52. Nd6+ Kg6 53. Nxb7
Bxb7 54. g4 Kf7 55. h4 1/2-1/2

[Event "Chigorin Mem Blitz 2014"]
[Site "St Petersburg RUS"]
[Date "2014.10.17"]
[Round "13.6"]
[White "Aleksandrov, Aleksej"]
[Black "Demidov, Mikhail"]
[Result "1/2-1/2"]
[WhiteTitle "GM"]
[BlackTitle "IM"]
[WhiteElo "2583"]
[BlackElo "2516"]
[WhiteFideId "13500139"]
[BlackFideId "4197143"]
[EventDate "2014.10.17"]

1. Nf3 Nf6 2. b3 g6 3. Bb2 Bg7 4. e4 d6 5. d3 c5 6. Nbd2 Nc6 7. g3 O-O 8. Bg2
Rb8 9. O-O Bg4 10. h3 Bd7 11. d4 cxd4 12. Nxd4 Qc8 13. c4 Bxh3 14. Nxc6 bxc6 15.
e5 Bxg2 16. Kxg2 Ng4 17. Nf3 dxe5 18. Qe2 e4 19. Nd4 c5 20. Nb5 Bxb2 21. Qxb2
Qf5 22. Qe2 Qe6 23. Nc7 Qf5 24. Nd5 Rfe8 25. Rae1 Nf6 26. Nc3 Rbd8 27. Nxe4 Nxe4
28. Qxe4 Qxe4+ 29. Rxe4 Rd2 30. Re5 Rxa2 31. Rxc5 Rb8 32. Rb1 Rb7 33. b4 Rd7 34.
Rb3 Rc2 35. b5 Kg7 36. Rc6 e6 37. c5 Rd5 38. Rc7 Rcxc5 39. Rxa7 Rxb5 40. Rba3
Rf5 41. Ra2 Rbd5 42. Rc2 Rd6 43. Rb2 Rd4 44. Rc2 Rfd5 45. Rcc7 Rf5 46. Rc2 h5
47. Rb2 h4 48. gxh4 Rxh4 49. Kg3 Rc4 50. Rd2 Rcc5 51. Rb2 Rc3+ 52. Kg2 Rd3 53.
Rc2 g5 54. Rb2 Rd4 55. Rc2 Rg4+ 56. Kf1 Rgf4 57. Kg2 Kg6 58. Rd2 Rd5 59. Rc2 Rf6
60. Ra8 Rf4 61. Ra7 Rf6 62. Rb7 Rd4 63. Ra7 Rf5 64. Rb7 Kf6 65. Rcc7 Kg6 66. Rc2
Rd3 67. Ra7 g4 68. Rb7 g3 69. fxg3 Rg5 70. Rc8 Rgxg3+ 71. Kf2 Rgf3+ 72. Ke2
Rfe3+ 73. Kf2 Kf6 74. Rcc7 Rf3+ 75. Ke2 Kg6 76. Rxf7 Rde3+ 77. Kd2 Rd3+ 78. Ke2
Rde3+ 79. Kd2 Rd3+ 80. Ke2 Rde3+ 81. Kd2 Rxf7 82. Rxf7 Re5 83. Rf8 Rf5 84. Ra8
Re5 85. Rf8 Rf5 86. Ra8 Rf7 87. Ke3 Kf6 1/2-1/2

[Event "Chigorin Mem Blitz 2014"]
[Site "St Petersburg RUS"]
[Date "2014.10.17"]
[Round "13.7"]
[White "Matsenko, Sergei"]
[Black "Potkin, Vladimir"]
[Result "0-1"]
[WhiteTitle "IM"]
[BlackTitle "GM"]
[WhiteElo "2485"]
[BlackElo "2610"]
[WhiteFideId "4170083"]
[BlackFideId "4131061"]
[EventDate "2014.10.17"]

1. Nf3 d5 2. c4 e6 3. d4 Nf6 4. Nc3 c6 5. Qd3 dxc4 6. Qxc4 b5 7. Qd3 a6 8. a4
Bb7 9. Bg5 Nbd7 10. e3 Be7 11. Be2 O-O 12. O-O h6 13. Bxf6 Nxf6 14. Rfc1 Qb6 15.
Ne5 Rac8 16. Bf3 Rfd8 17. Ne4 c5 18. axb5 axb5 19. Nxf6+ Bxf6 20. Bxb7 Qxb7 21.
Nf3 cxd4 22. exd4 Qd5 23. h3 Rxc1+ 24. Rxc1 b4 25. Rc4 e5 26. Qc2 exd4 27. Qd3
Qd6 28. b3 g6 29. g3 Kg7 30. Kg2 Rd7 31. h4 Rb7 32. Rc2 Qd5 33. Rc4 g5 34. hxg5
hxg5 35. g4 Re7 36. Kg3 Re4 37. Nd2 Be5+ 38. Kh3 Re3+ 0-1

[Event "Chigorin Mem Blitz 2014"]
[Site "St Petersburg RUS"]
[Date "2014.10.17"]
[Round "13.8"]
[White "Moiseenko, Vadim"]
[Black "Rozum, Ivan"]
[Result "0-1"]
[WhiteTitle "IM"]
[BlackTitle "GM"]
[WhiteElo "2481"]
[BlackElo "2551"]
[WhiteFideId "4123700"]
[BlackFideId "24104272"]
[EventDate "2014.10.17"]

1. e4 d6 2. d4 Nf6 3. Nc3 e5 4. dxe5 dxe5 5. Qxd8+ Kxd8 6. Bg5 Nd7 7. O-O-O c6
8. h3 Bc5 9. Bh4 Ke7 10. Nge2 b5 11. Kb1 Bb7 12. f4 exf4 13. Nxf4 Ne5 14. Nh5
Ng6 15. Bg5 h6 16. Bxf6+ gxf6 17. Ng3 Bc8 18. Be2 Ne5 19. Bf3 Rg8 20. Nce2 Be6
21. Nh5 Rad8 22. Nef4 Be3 23. Nd3 Nxf3 24. gxf3 Bc4 25. Rhe1 Bg5 26. Ng3 Be6 27.
Nf5+ Bxf5 28. exf5+ Kf8 29. Re4 h5 30. a4 Kg7 31. Re7 bxa4 32. Rg1 Kf8 33. Rxa7
Be3 34. Rxg8+ Kxg8 35. Rxa4 Rd5 36. Re4 Bb6 37. Rc4 c5 38. f4 Rxf5 39. Re4 h4
40. Ka2 Kg7 41. Kb3 Kg6 42. Kc4 Rh5 43. Re7 Rh8 44. Rb7 Ba5 45. Nxc5 Bd2 46. Nd3
Rc8+ 47. Kb3 Re8 48. c3 Re3 49. Kc2 Re2 50. Kd1 Rh2 51. c4 Be3 52. Ke1 Rxh3 53.
c5 Bd4 54. Ke2 Re3+ 55. Kd2 h3 56. Rb8 Kg7 57. Ra8 h2 58. Ra1 Rxd3+ 59. Kxd3 Bg1
60. c6 h1=Q 61. c7 Qd5+ 62. Ke2 Qc4+ 63. Kf3 Bb6 0-1

[Event "Chigorin Mem Blitz 2014"]
[Site "St Petersburg RUS"]
[Date "2014.10.17"]
[Round "13.9"]
[White "Timofeev, Artyom"]
[Black "Levin, Evgeny A."]
[Result "1-0"]
[WhiteTitle "GM"]
[BlackTitle "GM"]
[WhiteElo "2598"]
[BlackElo "2507"]
[WhiteFideId "4140419"]
[BlackFideId "4182596"]
[EventDate "2014.10.17"]

1. c4 g6 2. g3 Bg7 3. Bg2 d6 4. Nc3 Nc6 5. Nf3 e5 6. O-O f5 7. d3 Nf6 8. Rb1 a5
9. a3 O-O 10. b4 axb4 11. axb4 h6 12. b5 Ne7 13. Nd2 g5 14. e3 Kh8 15. f4 exf4
16. exf4 Ng4 17. Qb3 Ne3 18. Rf2 Nxg2 19. Kxg2 b6 20. fxg5 Bb7+ 21. Nf3 hxg5 22.
Bxg5 Bf6 23. Bxf6+ Rxf6 24. Qb2 Qf8 25. d4 Qg7 26. d5 Ng6 27. Ne2 Re8 28. Kg1
Ne5 29. Nxe5 dxe5 30. Re1 Bc8 1-0

[Event "Chigorin Mem Blitz 2014"]
[Site "St Petersburg RUS"]
[Date "2014.10.17"]
[Round "13.10"]
[White "Batchuluun, Tsegmed"]
[Black "Ganguly, Surya Shekhar"]
[Result "0-1"]
[WhiteTitle "GM"]
[BlackTitle "GM"]
[WhiteElo "2523"]
[BlackElo "2613"]
[WhiteFideId "4900847"]
[BlackFideId "5002150"]
[EventDate "2014.10.17"]

1. d4 Nf6 2. c4 e6 3. g3 d5 4. Nf3 dxc4 5. Bg2 Bd7 6. Ne5 Bc6 7. Nxc6 Nxc6 8.
Qa4 Nd5 9. Qxc4 Qd7 10. e3 O-O-O 11. O-O h5 12. h4 f6 13. Nc3 g5 14. hxg5 fxg5
15. Ne4 g4 16. Bd2 h4 17. gxh4 Qh7 18. Rfc1 Qxh4 19. b4 g3 20. Nxg3 Bd6 21. b5
Bxg3 22. bxc6 Bxf2+ 23. Kf1 Bxe3 24. cxb7+ Kb8 25. Be1 Rhf8+ 26. Ke2 Qg4+ 27.
Kd3 Qxg2 28. Ba5 Qg6+ 0-1